00528nam a2200193 4500001001300000003000400013005001700017008004100034010001700075025001900092050001900111082001800130110002700148245006600175260001900241300002400260350001800284650003200302sa 68013729 DLC20260227112624.0691205s1964 ii 00000 eng  asa 68013729  aPL480:I-E-97320 aHG3883.I4bR45 a332.1/52/095420aReserve Bank of India.1 aIndia's foreign liabilities and assets, 1961;bsurvey report.1 aBombay,c1964. avii, 105 p.c27 cm. a3.50a($1.00) 0aBalance of paymentszIndia.